Космическая индустрия - перспективное направление космонавтики: труды XXII чтений, посвященных разработке научного наследия и развитию идей К. Э. Циолковского (Калуга, 15-18 сентября 1987 г.); секция "К. Э. Циолковский и проблемы космического производства"

Bibliographische Detailangaben
Körperschaften: Государственный музей истории космонавтики, Космическая индустрия - перспективное направление космонавтики
Sprache:Russisch
Veröffentlicht: Москва, Изд-во ИИЕТ АН СССР, 1988
Schlagworte:
Format: Buch
KOHA link:https://koha.lib.tpu.ru/cgi-bin/koha/opac-detail.pl?biblionumber=264322

MARC

LEADER 00000nam0a2200000 4500
001 264322
005 20231101233824.0
035 |a (RuTPU)RU\TPU\book\287313 
090 |a 264322 
100 |a 20140618d1988 m y0rusy50 ca 
101 0 |a rus 
102 |a RU 
105 |a a z 101zb 
200 1 |a Космическая индустрия - перспективное направление космонавтики  |e труды XXII чтений, посвященных разработке научного наследия и развитию идей К. Э. Циолковского (Калуга, 15-18 сентября 1987 г.); секция "К. Э. Циолковский и проблемы космического производства"  |f Государственный музей истории космонавтики 
210 |a Москва  |c Изд-во ИИЕТ АН СССР  |d 1988 
215 |a 120 с.  |c ил. 
320 |a Библиография в конце статей 
600 1 |a Циолковский  |g Константин Эдуардович  |b К. Э.  |c русский ученый  |c изобретатель  |c основоположник современной космонавтики  |f 1857-1935  |2 stltpush  |3 (RuTPU)RU\TPU\pers\1304 
606 1 |a Космическое пространство  |x Использование в мирных целях  |2 stltpush  |3 (RuTPU)RU\TPU\subj\15881  |9 42085 
610 1 |a космические технологии 
610 1 |a невесомость 
610 1 |a тонкие пленки 
610 1 |a отражающие поверхности 
610 1 |a многозеркальные управляемые конструкции 
610 1 |a электровакуумные приборы 
610 1 |a СВЧ-излучение 
610 1 |a приемники излучения 
610 1 |a космические технологии 
610 1 |a околосолнечные орбиты 
610 1 |a Луна 
610 1 |a индустриализация 
610 1 |a космическое материаловедение 
610 1 |a гидросфера 
610 1 |a сборка 
610 1 |a телевизионный контроль 
610 1 |a самовоспроизводящиеся системы 
610 1 |a чтения 
675 |a 629.78(063)  |v 3 
712 0 2 |a Государственный музей истории космонавтики  |2 stltpush  |3 (RuTPU)RU\TPU\col\15626  |9 26196 
712 1 2 |a Космическая индустрия - перспективное направление космонавтики  |c чтения  |d 22  |e Калуга  |f 1987 
801 1 |a RU  |b 63413507  |c 20140618 
801 2 |a RU  |b 63413507  |c 20150519  |g RCR 
942 |c BK